دور سلاسل الإمداد في تحقيق التنمية المستدامة للطاقة العالمية / (رقم التسجيلة. 179803)
[ عرض عادي ]
| 000 -LEADER | |
|---|---|
| fixed length control field | 04030namaa22004211i 4500 |
| 003 - CONTROL NUMBER IDENTIFIER | |
| control field | OSt |
| 005 - أخر تعامل مع التسجيلة | |
| control field | 20260429114155.0 |
| 008 - FIXED-LENGTH DATA ELEMENTS--GENERAL INFORMATION | |
| fixed length control field | 250827s2025 ua a|||frm||| 000 0 eng d |
| 040 ## - CATALOGING SOURCE | |
| Original cataloguing agency | EG-GICUC |
| Language of cataloging | ara |
| Transcribing agency | EG-GICUC |
| Modifying agency | EG-GICUC |
| Description conventions | rda |
| 041 0# - LANGUAGE CODE | |
| Language code of text/sound track or separate title | ara |
| Language code of summary or abstract | ara |
| -- | eng |
| 049 ## - Acquisition Source | |
| Acquisition Source | إيداع |
| 082 04 - DEWEY DECIMAL CLASSIFICATION NUMBER | |
| Classification number | 658.5 |
| 092 ## - LOCALLY ASSIGNED DEWEY CALL NUMBER (OCLC) | |
| Classification number | 658.5 |
| Edition number | 21 |
| 097 ## - Degree | |
| Degree | دكتـــــوراه |
| 099 ## - LOCAL FREE-TEXT CALL NUMBER (OCLC) | |
| Local Call Number | Cai01.18.06.Ph.D.2025.أي.د |
| 100 0# - MAIN ENTRY--PERSONAL NAME | |
| Authority record control number or standard number | ،أيمن بن محمد بن حبكور محرق |
| Preparation | إعداد. |
| 245 10 - TITLE STATEMENT | |
| Title | دور سلاسل الإمداد في تحقيق التنمية المستدامة للطاقة العالمية / |
| Statement of responsibility, etc. | إعداد أيمن بن محمد بن حبكور محرق؛ إشراف أ.د.علي وجدى محمد، د. هيثم خليل محمد. |
| 246 15 - VARYING FORM OF TITLE | |
| Title proper/short title | The role of supply chains in achieving sustainable development of global energy / |
| 264 #0 - PRODUCTION, PUBLICATION, DISTRIBUTION, MANUFACTURE, AND COPYRIGHT NOTICE | |
| Date of production, publication, distribution, manufacture, or copyright notice | 2025. |
| 300 ## - PHYSICAL DESCRIPTION | |
| Extent | 93 ورقة : |
| Other physical details | إيضاحيات ؛ |
| Dimensions | 30 سم. + |
| Accompanying material | CD. |
| 336 ## - CONTENT TYPE | |
| Content type term | text |
| Source | rda content |
| 337 ## - MEDIA TYPE | |
| Media type term | Unmediated |
| Source | rdamedia |
| 338 ## - CARRIER TYPE | |
| Carrier type term | volume |
| Source | rdacarrier |
| 502 ## - DISSERTATION NOTE | |
| Dissertation note | أطروحة (دكتوراه)-جامعة القاهرة، 2025. |
| 504 ## - BIBLIOGRAPHY, ETC. NOTE | |
| Bibliography, etc. note | ببليوجرافيا: صفحات 86-89. |
| 520 ## - SUMMARY, ETC. | |
| Summary, etc. | تمثل كفاءة سلاسل الأمداد عاملاً حاسماً فى تحقيق التنمية المستدامة للطاقة في الشركات على اختلاف أحجامها وأنشطتها وأهدافها وطبيعة عملها، وتهدف هذه الدراسة الحالية إلى الكشف عن دور سلاسل الإمداد في تحقيق التنمية المستدامة للطاقة العالمية من خلال شركة أرامكو بالمملكة العربية السعودية المصدر الأول للطاقة العالمية، ويتكون مجتمع الدراسة من منسوبي شركة أرامكو السعودية والشركات التابعة لها حيث تم تحديد حجم العينة (236) طبقاً لقانون حجم العينة عينة عشوائية، وقد قام الباحث بإختبار فرضية الدراسة الرئيسية والتي ينبثق عنها أربعة فرضيات فرعية بإستخدام تحليل الإنحدار والإرتباط فى برنامج SPSS وأعتمدت الدراسة على الأسلوب الوصفي التحليلي لتحقيق أهداف الدراسة |
| 520 ## - SUMMARY, ETC. | |
| Summary, etc. | Supply chain efficiency is a crucial factor in achieving sustainable energy development in companies of all sizes, activities, objectives, and nature of work. This current study aims to explore the role of supply chains in achieving sustainable global energy development through Saudi Aramco, the world's leading energy exporter. The study population consists of employees of Saudi Aramco and its subsidiaries. The sample size was determined as (236) randomly, according to the sample size law. The researcher tested the main study hypothesis, from which four sub-hypotheses emerged, using regression and correlation analysis in SPSS. The study relied on the descriptive analytical method to achieve the study objectives. After analyzing the study data and hypotheses, the study reached several results, most notably |
| 530 ## - ADDITIONAL PHYSICAL FORM AVAILABLE NOTE | |
| Issues CD | صدر أيضًا كقرص مدمج. |
| 546 ## - LANGUAGE NOTE | |
| Text Language | النص بالعربية والملخص باللغة الإنجليزية والعربية. |
| 650 #7 - SUBJECT ADDED ENTRY--TOPICAL TERM | |
| Topical term or geographic name entry element | إدارة الانتاج |
| Source of heading or term | qrmak |
| 653 #0 - INDEX TERM--UNCONTROLLED | |
| Uncontrolled term | سلاسل الإمداد |
| -- | التنمية المستدامة |
| -- | الطاقة المتجدده |
| 700 0# - ADDED ENTRY--PERSONAL NAME | |
| Personal name | علي وجدى محمد |
| Relator term | مشرف أطروحة. |
| 700 0# - ADDED ENTRY--PERSONAL NAME | |
| Personal name | هيثم خليل محمد |
| Relator term | مشرف أطروحة. |
| 900 ## - Thesis Information | |
| Grant date | 03-05-2025 |
| Supervisory body | علي وجدى محمد |
| -- | هيثم خليل محمد |
| Universities | جامعة القاهرة |
| Faculties | كلية الدراسات العليا للبحوث الاحصائية |
| Department | قسم إدارة سلسلة الإمداد وإدارة العمليات |
| 905 ## - Cataloger and Reviser Names | |
| Cataloger Name | Sara Salah |
| 942 ## - ADDED ENTRY ELEMENTS (KOHA) | |
| Source of classification or shelving scheme | Dewey Decimal Classification |
| Koha item type | Thesis |
| Edition | 21 |
| Suppress in OPAC | No |
| Source of classification or shelving scheme | Home library | Current library | Date acquired | Inventory number | Full call number | Barcode | Date last seen | Effective from | Koha item type |
|---|---|---|---|---|---|---|---|---|---|
| Dewey Decimal Classification | المكتبة المركزبة الجديدة - جامعة القاهرة | قاعة الرسائل الجامعية - الدور الاول | 29.04.2026 | 33155 | Cai01.18.06.Ph.D.2025.أي.د | 01010100033155000 | 29.04.2026 | 29.04.2026 | Thesis |